| Поле | Название | Значение |
| |
Тип записи |
a |
| |
Библиографический уровень |
a |
| 001 |
Контрольный номер |
RU/CBS_UL/BASE/1262b231dcf34d6fa5bfb57e9dbbc94e |
| 005 |
Дата корректировки |
20231005145026.9 |
| 100 |
Данные общей обработки |
__ |
| a |
Данные общей обработки |
20231005 ||| 0rusy0189 ca |
| 101 |
Язык документа |
0_ |
| a |
Язык текста |
rus |
| 102 |
Страна публикации |
__ |
| a |
Страна публикации |
RU |
| 200 |
Заглавие и сведения об ответственности |
1_ |
| a |
Заглавие |
Чудеса природы |
| e |
Сведения, относящиеся к заглавию |
[впечатляющие природные объекты из камня, льда и воды] |
| 300 |
Общие примечания |
__ |
| a |
Общие примечания |
6+ |
| 461 |
Уровень набора |
_0 |
| 1 |
|
2000 |
| a |
|
Наш Филиппок |
| 463 |
Уровень физической единицы |
_0 |
| 1 |
|
2000 |
| a |
|
№ 6 |
| v |
|
С. 26-27 : фото |
| 1 |
|
2101 |
| d |
|
2023 |
| 1 |
|
001RU/CBS_UL/BASE/0cb4a6dba6e440119ff5d3b44886aec1 |
| 606 |
Тематические рубрики |
0_ |
| a |
Основная рубрика |
Чудеса природы |
| 610 |
Ключевые слова |
0_ |
| a |
Ключевые слова |
чудеса природы |
| 610 |
Ключевые слова |
0_ |
| a |
Ключевые слова |
природные чудеса света |
| 610 |
Ключевые слова |
0_ |
| a |
Ключевые слова |
загадочные объекты природы |
| 610 |
Ключевые слова |
0_ |
| a |
Ключевые слова |
геологические памятники природы |
| 610 |
Ключевые слова |
0_ |
| a |
Ключевые слова |
Большая голубая дыра |
| 610 |
Ключевые слова |
0_ |
| a |
Ключевые слова |
солончаки |
| 610 |
Ключевые слова |
0_ |
| a |
Ключевые слова |
Данакильская депрессия |
| 610 |
Ключевые слова |
0_ |
| a |
Ключевые слова |
Байкал (озёра) |
| 610 |
Ключевые слова |
0_ |
| a |
Ключевые слова |
Глаз Сахары |
| 610 |
Ключевые слова |
0_ |
| a |
Ключевые слова |
Улуру (горы) |
| 610 |
Ключевые слова |
0_ |
| a |
Ключевые слова |
гейзеры |
| 610 |
Ключевые слова |
0_ |
| a |
Ключевые слова |
Перито-Морено (ледники) |
| 610 |
Ключевые слова |
0_ |
| a |
Ключевые слова |
Дорога гигантов |
| 610 |
Ключевые слова |
0_ |
| a |
Ключевые слова |
Джанъе данся (горы) |
| 610 |
Ключевые слова |
0_ |
| a |
Ключевые слова |
Каменный лес (сады камней) |
| 686 |
Индексы других классификаций |
__ |
| 2 |
Код системы |
rubbk |
| a |
Классификационный индекс |
26.8 |
| 801 |
Источник записи |
_0 |
| a |
Страна |
RU |
| b |
Организация |
МБУК ЦБС г. Ульяновска |
| c |
Дата составления |
20231005 |
| g |
Правила каталогизации |
RCR |
| 801 |
Источник записи |
_1 |
| a |
Страна |
RU |
| b |
Организация |
МБУК ЦБС г. Ульяновска |
| c |
Дата составления |
20231005 |
| g |
Правила каталогизации |
RCR |
| 901 |
Тип документа |
__ |
| t |
Тип документа |
b |
| w |
Контрольный № источника |
RU/CBS_UL/BASE/0cb4a6dba6e440119ff5d3b44886aec1 |